Formule 1 - Plus jeunes sur un podium - Statistiques

Statistiques générales
  • Ce quiz a été pris 14 fois
  • Le résultat moyen est 14 sur 20
Statistiques - réponses
Rang Pilote Âge Pays % Correct
3 Andrea Kimi Antonelli 18a 09m 21j langfr-1920px-Flag_of_Italy.svg.png
100%
9 Charles Leclerc 21a 05m 15j langfr-1920px-Flag_of_Monaco.svg.png
100%
20 Jos Verstappen 22a 05m 10j langfr-1920px-Flag_of_the_Netherlands.svg.png
100%
1 Max Verstappen 18a 07m 15j langfr-1920px-Flag_of_the_Netherlands.svg.png
100%
10 Fernando Alonso 21a 07m 23j langfr-1920px-Flag_of_Spain.svg.png
92%
6 Sebastian Vettel 21a 02m 11j langfr-1920px-Flag_of_Germany.svg.png
92%
2 Lance Stroll 18a 07m 27j langfr-3840px-Flag_of_Canada_%28Pantone%29.svg.png
85%
11 Robert Kubica 21a 09m 03j langfr-1920px-Flag_of_Poland.svg.png
85%
4 Lando Norris 20a 07m 22j langfr-1920px-Flag_of_the_United_Kingdom_%283-5%29.svg.png
77%
17 Lewis Hamilton 22a 02m 11j langfr-1920px-Flag_of_the_United_Kingdom_%283-5%29.svg.png
77%
7 Daniil Kvyat 21a 03m 00j langfr-1920px-Flag_of_Russia.svg.png
69%
5 Isack Hadjar 20a 11m 03j langfr-1920px-Flag_of_France.svg.png
69%
19 Kimi Räikkönen 22a 04m 14j langfr-1920px-Flag_of_Finland.svg.png
69%
16 Sergio Pérez 22a 01m 28j langfr-3840px-Flag_of_Mexico.svg.png
69%
8 Kevin Magnussen 21a 05m 11j langfr-1920px-Flag_of_Denmark.svg.png
62%
12 Ralf Schumacher 21a 09m 14j langfr-1920px-Flag_of_Germany.svg.png
62%
15 Rubens Barrichello 21a 10m 25j langfr-1920px-Flag_of_Brazil.svg.png
62%
14 Bruce McLaren 21a 10m 18j langfr-3840px-Flag_of_New_Zealand.svg.png
31%
13 Elio De Angelis 21a 10m 01j langfr-1920px-Flag_of_Italy.svg.png
15%
18 Troy Ruttman 22a 02m 11j langfr-3840px-Flag_of_the_United_States_%28Pantone%29.svg.png
8%
Aucun quiz correspondant
Distribution des résultats
% des personnes avec chaque résultat
Percentile par nombre de réponses
Votre historique - résultats
Vous n’avez pas pris ce quiz